[Event "FRA-chT Top 12 2019"]
[Site "Brest"]
[Date "2019.05.26"]
[Round "9.2"]
[White "Postny, Evgeny"]
[Black "Praggnanandhaa R"]
[Result "1/2-1/2"]
[WhiteElo "2603"]
[BlackElo "2536"]
[Annotator "ChessBase"]
[PlyCount "66"]
[EventDate "2019.05.18"]
[EventType "team-tourn"]
[EventCountry "FRA"]
[SourceTitle "playchess.com"]
[Source "ChessBase"]
[SourceQuality "1"]
[TimeControl "40/5400+30:1800+30"]

1. d4 {[%emt 0:00:00]} Nf6 {[%emt 0:00:23]} 2. c4 {[%emt 0:00:00]} e6 {[%emt 0:00:05]} 3. g3 {[%emt 0:00:00]} d5 {[%emt 0:00:07]} 4. Bg2 {[%emt 0:00:00]} dxc4 {[%emt 0:00:10]} 5. Nf3 {[%emt 0:00:00]} c5 {[%emt 0:00:22]} 6. O-O {[%emt 0:00:13]} Nc6 {[%emt 0:00:07]} 7. dxc5 {[%emt 0:00:55]} Qxd1 {[%emt 0:00:33]} 8. Rxd1 {[%emt 0:00:04]} Bxc5 {[%emt 0:00:06]} 9. Nbd2 {[%emt 0:00:05]} c3 {[%emt 0:00:10]} 10. bxc3 {[%emt 0:00:07]} O-O {[%emt 0:00:18]} 11. Nb3 {[%emt 0:00:11]} Be7 {[%emt 0:00:22]} 12. Nfd4 {[%emt 0:00:38]} Bd7 {[%emt 0:00:25]} 13. Nxc6 {[%emt 0:02:08]} Bxc6 {[%emt 0:00:07]} 14. Bxc6 {[%emt 0:00:05]} bxc6 {[%emt 0:00:03]} 15. c4 {[%emt 0:00:08]} Rfb8 {[%emt 0:06:25]} 16. Bd2 {[%emt 0:06:44]} Ne4 {[%emt 0:10:15]} 17. Ba5 {[%emt 0:25:05]} Rb7 {[%emt 0:18:07]} 18. Rd3 {[%emt 0:22:31]} Nc5 {[%emt 0:02:54]} 19. Nxc5 {[%emt 0:02:10]} Bxc5 {[%emt 0:00:03]} 20. Rad1 {[%emt 0:00:14]} Kf8 {[%emt 0:02:55]} 21. Rb3 {[%emt 0:15:32]} Rab8 {[%emt 0:03:40]} 22. Rdd3 {[%emt 0:01:32]} Ke8 {[%emt 0:09:20]} 23. Kf1 {[%emt 0:07:54]} Rxb3 {[%emt 0:05:35]} 24. axb3 {[%emt 0:00:04]} Bb4 {[%emt 0:00:40]} 25. Bc7 {[%emt 0:02:35]} Rb7 {[%emt 0:02:59]} 26. Bf4 {[%emt 0:00:35]} a5 {[%emt 0:03:47]} 27. Be3 {[%emt 0:05:42]} Rb8 {[%emt 0:07:20]} 28. Bf4 {[%emt 0:01:23]} Ra8 {[%emt 0:03:21]} 29. Bd6 {[%emt 0:02:16]} Bxd6 {[%emt 0:08:28]} 30. Rxd6 {[%emt 0:00:06]} Rb8 {[%emt 0:00:14]} 31. Rxc6 {[%emt 0:00:27]} Rxb3 {[%emt 0:00:10]} 32. Ra6 {[%emt 0:00:06]} Rc3 {[%emt 0:00:23]} 33. Rxa5 {[%emt 0:00:06]} Rxc4 {[%emt 0:00:06]} 1/2-1/2

[Event "FRA-chT Top 12 2019"]
[Site "Brest"]
[Date "2019.05.26"]
[Round "9.2"]
[White "Wagner, Dennis"]
[Black "Heimann, Andreas"]
[Result "1/2-1/2"]
[WhiteElo "2578"]
[BlackElo "2627"]
[Annotator "ChessBase"]
[PlyCount "111"]
[EventDate "2019.05.18"]
[EventType "team-tourn"]
[EventCountry "FRA"]
[SourceTitle "playchess.com"]
[Source "ChessBase"]
[SourceQuality "1"]
[TimeControl "40/5400+30:1800+30"]

1. Nf3 {[%emt 0:00:00]} d5 {[%emt 0:00:00]} 2. g3 {[%emt 0:00:00]} g6 {[%emt 0:00:00]} 3. Bg2 {[%emt 0:00:00]} Bg7 {[%emt 0:00:00]} 4. d4 {[%emt 0:00:00]} Nf6 {[%emt 0:00:00]} 5. O-O {[%emt 0:00:00]} O-O {[%emt 0:00:01]} 6. c4 {[%emt 0:00:00]} dxc4 {[%emt 0:00:24]} 7. Na3 {[%emt 0:00:05]} Na6 {[%emt 0:00:08]} 8. Nxc4 {[%emt 0:00:07]} c5 {[%emt 0:00:04]} 9. b3 {[%emt 0:00:14]} b5 {[%emt 0:00:05]} 10. Nfe5 {[%emt 0:29:18]} Be6 {[%emt 0:00:19]} 11. Nc6 {[%emt 0:05:13]} Qe8 {[%emt 0:00:14]} 12. N4a5 {[%emt 0:05:13]} Bd5 {[%emt 0:00:07]} 13. Bxd5 {[%emt 0:12:36]} Nxd5 {[%emt 0:00:29]} 14. dxc5 {[%emt 0:00:41]} e6 {[%emt 0:21:30]} 15. e4 {[%emt 0:24:59]} Ne7 {[%emt 0:00:17]} 16. Nxe7+ {[%emt 0:00:04]} Qxe7 {[%emt 0:00:04]} 17. Bf4 {[%emt 0:01:31]} Rfc8 {[%emt 0:05:57]} 18. Rc1 {[%emt 0:06:05]} Nxc5 {[%emt 0:18:45]} 19. Bd6 {[%emt 0:00:06]} Qd8 {[%emt 0:00:48]} 20. Rxc5 {[%emt 0:01:17]} Qxa5 {[%emt 0:01:18]} 21. Qc2 {[%emt 0:00:08]} Rxc5 {[%emt 0:13:21]} 22. Qxc5 {[%emt 0:00:02]} Qb6 {[%emt 0:00:06]} 23. Rc1 {[%emt 0:01:51]} Bd4 {[%emt 0:03:05]} 24. Qxb6 {[%emt 0:00:08]} axb6 {[%emt 0:01:31]} 25. e5 {[%emt 0:02:21]} Kg7 {[%emt 0:10:14]} 26. Rc2 {[%emt 0:00:01]} b4 {[%emt 0:01:30]} 27. Kg2 {[%emt 0:08:14]} g5 {[%emt 0:11:29]} 28. f4 {[%emt 0:00:54]} gxf4 {[%emt 0:03:26]} 29. gxf4 {[%emt 0:00:01]} Bc5 {[%emt 0:00:43]} 30. Kf3 {[%emt 0:02:11]} f6 {[%emt 0:02:14]} 31. exf6+ {[%emt 0:00:55]} Kxf6 {[%emt 0:00:06]} 32. Be5+ {[%emt 0:00:48]} Kf5 {[%emt 0:02:55]} 33. Rd2 {[%emt 0:00:16]} Ra7 {[%emt 0:00:27]} 34. h3 {[%emt 0:00:41]} Be7 {[%emt 0:01:32]} 35. Rg2 {[%emt 0:00:30]} Bf6 {[%emt 0:01:30]} 36. Bxf6 {[%emt 0:00:09]} Kxf6 {[%emt 0:00:05]} 37. Ke4 {[%emt 0:00:02]} Rc7 {[%emt 0:01:12]} 38. Rd2 {[%emt 0:00:38]} Rc3 {[%emt 0:01:29]} 39. Rd4 {[%emt 0:00:10]} Rc2 {[%emt 0:00:14]} 40. Rxb4 {[%emt 0:00:04]} Rxa2 {[%emt 0:00:04]} 41. Rxb6 {[%emt 0:30:11]} Rh2 {[%emt 0:02:25]} 42. f5 {[%emt 0:00:00]} Rxh3 {[%emt 0:01:21]} 43. fxe6 {[%emt 0:00:00]} h5 {[%emt 0:02:35]} 44. b4 {[%emt 0:00:00]} h4 {[%emt 0:01:27]} 45. Kd5 {[%emt 0:00:00]} Rd3+ {[%emt 0:02:00]} 46. Kc4 {[%emt 0:00:00]} Rd1 {[%emt 0:01:18]} 47. e7+ {[%emt 0:00:00]} Kxe7 {[%emt 0:00:06]} 48. Rh6 {[%emt 0:00:00]} Kd7 {[%emt 0:01:03]} 49. Kc5 {[%emt 0:00:00]} Kc7 {[%emt 0:00:29]} 50. Rh7+ {[%emt 0:00:00]} Rd7 {[%emt 0:00:19]} 51. Rxh4 {[%emt 0:00:00]} Rg7 {[%emt 0:00:11]} 52. Rh5 {[%emt 0:00:00]} Kb7 {[%emt 0:00:07]} 53. b5 {[%emt 0:00:00]} Rc7+ {[%emt 0:00:10]} 54. Kb4 {[%emt 0:00:00]} Rc1 {[%emt 0:00:20]} 55. Rh7+ {[%emt 0:00:00]} Kb6 {[%emt 0:00:09]} 56. Rh6+ {[%emt 0:00:00]} 1/2-1/2

[Event "FRA-chT Top 12 2019"]
[Site "Brest"]
[Date "2019.05.26"]
[Round "9.2"]
[White "Hamitevici, Vladimir"]
[Black "Van Wely, Loek"]
[Result "1-0"]
[WhiteElo "2476"]
[BlackElo "2600"]
[Annotator "ChessBase"]
[PlyCount "57"]
[EventDate "2019.05.18"]
[EventType "team-tourn"]
[EventCountry "FRA"]
[SourceTitle "playchess.com"]
[Source "ChessBase"]
[SourceQuality "1"]
[TimeControl "40/5400+30:1800+30"]

1. e4 {[%emt 0:00:23]} c5 {[%emt 0:00:08]} 2. c3 {[%emt 0:00:34]} Nf6 {[%emt 0:00:41]} 3. e5 {[%emt 0:00:08]} Nd5 {[%emt 0:00:08]} 4. Nf3 {[%emt 0:00:46]} e6 {[%emt 0:05:31]} 5. Bc4 {[%emt 0:01:26]} d6 {[%emt 0:01:15]} 6. d4 {[%emt 0:00:16]} cxd4 {[%emt 0:00:57]} 7. cxd4 {[%emt 0:00:07]} Be7 {[%emt 0:01:31]} 8. O-O {[%emt 0:01:24]} O-O {[%emt 0:01:19]} 9. Qe2 {[%emt 0:06:15]} b6 {[%emt 0:12:20]} 10. Qe4 {[%emt 0:13:35]} Ba6 {[%emt 0:16:27]} 11. Bxa6 {[%emt 0:03:41]} Nxa6 {[%emt 0:00:12]} 12. h4 {[%emt 0:00:03]} dxe5 {[%emt 0:07:09]} 13. dxe5 {[%emt 0:02:23]} Nc5 {[%emt 0:01:34]} 14. Qg4 {[%emt 0:00:07]} Re8 {[%emt 0:00:41]} 15. Bg5 {[%emt 0:04:19]} Bxg5 {[%emt 0:08:31]} 16. hxg5 {[%emt 0:00:04]} Nd3 {[%emt 0:03:16]} 17. Rd1 {[%emt 0:00:11]} Nxb2 {[%emt 0:02:32]} 18. Rd4 {[%emt 0:02:31]} Qc7 {[%emt 0:02:50]} 19. Nbd2 {[%emt 0:01:28]} Nc3 {[%emt 0:07:52]} 20. Rb4 {[%emt 0:02:56]} Nd3 {[%emt 0:04:39]} 21. Rc4 {[%emt 0:02:11]} Ne2+ {[%emt 0:01:51]} 22. Kf1 {[%emt 0:02:07]} Qb8 {[%emt 0:00:05]} 23. Ne4 {[%emt 0:10:29]} Rc8 {[%emt 0:13:43]} 24. Nf6+ {[%emt 0:01:55]} Kh8 {[%emt 0:00:26]} 25. Qh5 {[%emt 0:04:43]} h6 {[%emt 0:01:04]} 26. Qxf7 {[%emt 0:00:06]} Rxc4 {[%emt 0:05:03]} 27. gxh6 {[%emt 0:00:06]} Qf8 {[%emt 0:00:33]} 28. hxg7+ {[%emt 0:00:07]} Qxg7 {[%emt 0:00:02]} 29. Qh5+ {[%emt 0:00:06]} 1-0

[Event "FRA-chT Top 12 2019"]
[Site "Brest"]
[Date "2019.05.26"]
[Round "9.2"]
[White "Cornette, Deimante"]
[Black "Chabanon, Jean-Luc"]
[Result "1/2-1/2"]
[WhiteElo "2433"]
[BlackElo "2437"]
[Annotator "NA RC"]
[PlyCount "74"]
[EventDate "2019.05.18"]
[EventType "team-tourn"]
[EventCountry "FRA"]
[SourceTitle "playchess.com"]
[Source "ChessBase"]
[SourceQuality "1"]
[TimeControl "40/5400+30:1800+30"]

1. e4 {[%emt 0:00:00]} Nf6 {[%emt 0:00:00]} 2. e5 {[%emt 0:00:00]} Nd5 {[%emt 0:00:00]} 3. d4 {[%emt 0:00:03]} d6 {[%emt 0:00:00]} 4. c4 {[%emt 0:01:22]} Nb6 {[%emt 0:00:00]} 5. exd6 {[%emt 0:00:23]} cxd6 {[%emt 0:00:07]} 6. Nc3 {[%emt 0:00:42]} g6 {[%emt 0:00:14]} 7. Be3 {[%emt 0:03:24]} Bg7 {[%emt 0:03:49]} 8. Rc1 {[%emt 0:00:11]} O-O {[%emt 0:00:15]} 9. b3 {[%emt 0:00:11]} Bf5 {[%emt 0:09:10]} 10. Be2 {[%emt 0:03:25]} d5 {[%emt 0:05:52]} 11. c5 {[%emt 0:00:34]} Nc8 {[%emt 0:04:21]} 12. Nf3 {[%emt 0:01:18]} Nc6 {[%emt 0:04:58]} 13. O-O {[%emt 0:00:18]} Bg4 {[%emt 0:01:39]} 14. b4 {[%emt 0:02:39]} a6 {[%emt 0:04:10]} 15. Qd2 {[%emt 0:21:15]} Bxf3 {[%emt 0:10:01]} 16. Bxf3 {[%emt 0:00:25]} e6 {[%emt 0:00:04]} 17. Ne2 {[%emt 0:05:29]} N8e7 {[%emt 0:00:40]} 18. g3 {[%emt 0:14:25]} Nf5 {[%emt 0:14:17]} 19. Bg2 {[%emt 0:02:17]} h5 {[%emt 0:07:52]} 20. Rfd1 {[%emt 0:02:26]} Nxe3 {[%emt 0:08:27]} 21. Qxe3 {[%emt 0:05:58]} Nxb4 {[%emt 0:11:09]} 22. Rb1 {[%emt 0:09:24]} Nc6 {[%emt 0:00:43]} 23. Rxb7 {[%emt 0:00:14]} Rb8 {[%emt 0:00:21]} 24. Qb3 {[%emt 0:12:32]} Na5 {[%emt 0:02:22]} 25. Rxb8 {[%emt 0:00:11]} Qxb8 {[%emt 0:00:07]} 26. Qa3 {[%emt 0:03:00]} Nc4 {[%emt 0:00:52]} 27. Qxa6 {[%emt 0:00:56]} Qb2 {[%emt 0:00:32]} 28. Bf1 {[%emt 0:00:50]} Rb8 {[%emt 0:04:41]} 29. Qa7 {[%emt 0:03:48]} Rb7 {[%emt 0:01:04]} 30. Qa8+ {[%emt 0:00:16]} Rb8 {[%emt 0:00:36]} 31. Qa7 {[%emt 0:00:50]} Rb7 {[%emt 0:00:26]} 32. Qa4 {[%emt 0:02:18]} Kh7 {[%emt 0:01:41]} 33. Qa6 {[%emt 0:02:44]} Rb8 {[%emt 0:02:41]} 34. Qa7 {[%emt 0:00:45]} Rb7 {[%emt 0:00:33]} 35. Qa6 {[%emt 0:00:08]} Rb8 {[%emt 0:00:36]} 36. Qa7 {[%emt 0:01:57]} Rb7 {[%emt 0:00:28]} 37. Qa6 {[%emt 0:00:11]} Rb8 1/2-1/2

[Event "FRA-chT Top 12 2019"]
[Site "Brest"]
[Date "2019.05.26"]
[Round "9.2"]
[White "Vallin, Guillaume"]
[Black "Movsesian, Sergei"]
[Result "0-1"]
[WhiteElo "2389"]
[BlackElo "2645"]
[Annotator "ChessBase"]
[PlyCount "80"]
[EventDate "2019.05.18"]
[EventType "team-tourn"]
[EventCountry "FRA"]
[SourceTitle "playchess.com"]
[Source "ChessBase"]
[SourceQuality "1"]
[TimeControl "40/5400+30:1800+30"]

1. Nf3 {[%emt 0:00:00]} Nf6 {[%emt 0:00:00]} 2. c4 {[%emt 0:00:10]} d6 {[%emt 0:01:38]} 3. d4 {[%emt 0:06:51]} Nbd7 {[%emt 0:01:17]} 4. Nc3 {[%emt 0:00:08]} g6 {[%emt 0:00:27]} 5. e3 {[%emt 0:03:49]} Bg7 {[%emt 0:03:03]} 6. Be2 {[%emt 0:00:06]} O-O {[%emt 0:01:01]} 7. O-O {[%emt 0:07:46]} e5 {[%emt 0:02:09]} 8. b3 {[%emt 0:12:06]} Re8 {[%emt 0:03:29]} 9. Bb2 {[%emt 0:02:26]} e4 {[%emt 0:02:07]} 10. Nd2 {[%emt 0:01:55]} Nf8 {[%emt 0:00:40]} 11. Qc2 {[%emt 0:04:31]} Bf5 {[%emt 0:08:21]} 12. Rae1 {[%emt 0:16:43]} h5 {[%emt 0:09:35]} 13. Qd1 {[%emt 0:17:49]} Bh6 {[%emt 0:03:57]} 14. d5 {[%emt 0:02:19]} N8d7 {[%emt 0:05:11]} 15. Nb5 {[%emt 0:01:18]} Ne5 {[%emt 0:01:32]} 16. Nd4 {[%emt 0:03:03]} Bg4 {[%emt 0:04:47]} 17. Qb1 {[%emt 0:00:22]} Qd7 {[%emt 0:03:45]} 18. Kh1 {[%emt 0:02:05]} Bg7 {[%emt 0:07:38]} 19. f3 {[%emt 0:02:14]} exf3 {[%emt 0:01:03]} 20. gxf3 {[%emt 0:00:11]} Bh3 {[%emt 0:00:32]} 21. Rg1 {[%emt 0:00:01]} c5 {[%emt 0:01:13]} 22. Nb5 {[%emt 0:07:54]} Re7 {[%emt 0:12:42]} 23. Qa1 {[%emt 0:03:34]} Rae8 {[%emt 0:01:46]} 24. Nxa7 {[%emt 0:00:46]} Bh6 {[%emt 0:05:23]} 25. Nf1 {[%emt 0:00:39]} h4 {[%emt 0:02:54]} 26. Nb5 {[%emt 0:00:12]} Nh5 {[%emt 0:00:31]} 27. Qd1 {[%emt 0:00:49]} Kh7 {[%emt 0:03:45]} 28. Bxe5 {[%emt 0:01:17]} Rxe5 {[%emt 0:00:15]} 29. f4 {[%emt 0:01:04]} Nxf4 {[%emt 0:00:29]} 30. exf4 {[%emt 0:00:07]} Bxf4 {[%emt 0:01:24]} 31. Bg4 {[%emt 0:00:20]} Rxe1 {[%emt 0:02:11]} 32. Bxd7 {[%emt 0:00:11]} Rxd1 {[%emt 0:00:36]} 33. Bxh3 {[%emt 0:00:19]} f5 {[%emt 0:03:33]} 34. Nc7 {[%emt 0:00:09]} Ree1 {[%emt 0:00:37]} 35. Ne6 {[%emt 0:01:15]} Be3 {[%emt 0:00:25]} 36. Kg2 {[%emt 0:01:29]} Bxg1 {[%emt 0:01:56]} 37. Kxg1 {[%emt 0:00:02]} Re2 {[%emt 0:01:15]} 38. Ng5+ {[%emt 0:00:59]} Kg7 {[%emt 0:00:30]} 39. Bg2 {[%emt 0:01:19]} Rxa2 {[%emt 0:00:33]} 40. Nf3 {[%emt 0:00:00]} Kf6 {[%emt 0:01:46]} 0-1

[Event "FRA-chT Top 12 2019"]
[Site "Brest"]
[Date "2019.05.26"]
[Round "9.3"]
[White "Oparin, Grigoriy"]
[Black "Payen, Arnaud"]
[Result "1-0"]
[WhiteElo "2624"]
[BlackElo "2358"]
[Annotator "ChessBase"]
[PlyCount "91"]
[EventDate "2019.05.18"]
[EventType "team-tourn"]
[EventCountry "FRA"]
[SourceTitle "playchess.com"]
[Source "ChessBase"]
[SourceQuality "1"]
[TimeControl "40/5400+30:1800+30"]

1. Nf3 Nf6 2. g3 g6 3. Bg2 Bg7 4. c4 O-O 5. O-O d6 6. Nc3 e5 7. d3 Nc6 8. Rb1 a5 9. a3 Nd4 10. Nxd4 exd4 11. Nb5 Ne8 12. e3 dxe3 13. Bxe3 c6 14. Nc3 Nf6 15. Qb3 Bf5 16. Ne4 Qd7 17. Bf4 a4 18. Qb4 d5 19. Nc5 Qc8 20. Rbd1 Rd8 21. Nxb7 Bf8 22. c5 Rd7 23. Nd6 Bxd6 24. Bxd6 Rb7 25. Qd4 Ne8 26. Bf4 Ng7 27. Be5 Qf8 28. Rfe1 Ne6 29. Qh4 g5 30. Qh5 f6 31. Bc3 Nxc5 32. Qf3 Bg6 33. Bb4 Rab8 34. h4 Rxb4 35. axb4 Rxb4 36. h5 g4 37. Qe2 Bxh5 38. d4 Nb3 39. Qe6+ Kg7 40. Qxc6 Nxd4 41. Qc7+ Kh8 42. Bxd5 Nb5 43. Qd7 Rxb2 44. Rc1 Nd6 45. Rc6 Ne8 46. Rc8 1-0

[Event "FRA-chT Top 12 2019"]
[Site "Brest"]
[Date "2019.05.26"]
[Round "9.3"]
[White "Van Foreest, Jorden"]
[Black "Solodovnichenko, Yuri"]
[Result "1/2-1/2"]
[WhiteElo "2601"]
[BlackElo "2572"]
[Annotator "TA"]
[PlyCount "44"]
[EventDate "2019.05.18"]
[EventType "team-tourn"]
[EventCountry "FRA"]
[SourceTitle "playchess.com"]
[Source "ChessBase"]
[SourceQuality "1"]

{[%evp 12,44,29,2,19,14,13,20,23,29,31,12,64,60,70,70,95,62,62,68,46,37,67,28,43,34,31,0,0,0,0,0,0,0,0]} 1. e4 e5 2. Bc4 Nf6 3. d3 c6 4. Nf3 d5 5. Bb3 Bb4+ 6. Bd2 Bxd2+ 7. Nbxd2 Qc7 {C24: Bishop's Opening: 2...Nf6} (7... a5 8. a4 Bg4 9. h3 Bxf3 10. Qxf3 O-O 11. O-O dxe4 12. Nxe4 Nxe4 13. Qxe4 Nd7 14. Qe3 Re8 15. Rae1 Nf6 16. Re2 e4 {½-½ (16) Rapport,R (2731)-Ding,L (2813) Wijk aan Zee 2019}) 8. O-O O-O 9. Re1 Bg4 10. h3 Bxf3 $1 11. Qxf3 {[%cal Re4d5]} Nbd7 $146 (11... a5 $11 12. a4 (12. exd5 a4 $17) 12... d4) ({Predecessor:} 11... dxe4 12. Nxe4 Nxe4 13. Rxe4 Nd7 14. d4 exd4 15. Re7 {1-0 (40) Vogt,L (2455)-Romanishin,O (2595) Riga 1981}) 12. exd5 $14 cxd5 13. Bxd5 Qxc2 14. Nc4 (14. Bxb7 {is interesting.} Rae8 15. Nc4 Nc5 16. b3 Nxd3 17. Re2) 14... Nxd5 15. Rac1 Qa4 {White must now prevent ...Nb4.} (15... e4 16. dxe4 (16. Rxc2 $2 {too greedy.} exf3 17. gxf3 Rac8 $19) 16... Qa4 17. b3 $18 (17. exd5 Qxa2 18. b3 Rae8 $16)) 16. Qxd5 {[%mdl 64] [#] b3 is the strong threat. Double Attack} Rad8 17. Rc3 ({Don't go for} 17. Qxb7 $2 Nc5 $19) 17... b6 18. Ra3 ({But not} 18. Nxe5 $2 Nxe5 19. Qe4 Qxe4 $19) 18... Qb4 19. Re3 Nc5 $1 {The position is equal.} 20. Qxe5 Nxd3 {[%mdl 64] [#] Remove Defender} 21. Raxd3 Rxd3 22. Rxd3 Qxc4 {[%mdl 64] Double Attack. Accuracy: White = 79%, Black = 72%.} 1/2-1/2

[Event "FRA-chT Top 12 2019"]
[Site "Brest"]
[Date "2019.05.26"]
[Round "9.3"]
[White "Gukesh D"]
[Black "Safarli, Eltaj"]
[Result "1/2-1/2"]
[WhiteElo "2533"]
[BlackElo "2624"]
[Annotator "TA"]
[PlyCount "152"]
[EventDate "2019.05.18"]
[EventType "team-tourn"]
[EventCountry "FRA"]
[SourceTitle "playchess.com"]
[Source "ChessBase"]
[SourceQuality "1"]

{[%evp 18,152,17,0,13,5,30,20,25,27,23,20,30,23,10,13,14,23,72,71,85,63,71,37,30,31,123,123,131,132,129,141,137,137,253,250,247,237,246,227,182,103,235,226,243,103,106,93,98,52,50,41,129,116,184,177,186,158,169,167,171,166,154,75,75,76,75,75,76,75,74,12,14,0,0,0,71,12,12,12,12,12,12,12,12,12,12,12,12,12,36,36,36,36,36,36,36,36,36,36,36,24,36,36,36,36,36,36,36,36,36,36,36,16,16,16,16,16,16,16,16,16,24,24,24,20,20,20,28,28,28,28,28,24,24,24,24]} 1. c4 Nf6 2. Nf3 g6 3. g3 d5 4. cxd5 Nxd5 5. Bg2 Bg7 6. d4 Nb6 7. Nc3 Nc6 8. e3 O-O 9. O-O Re8 10. Re1 a5 {D76: Fianchetto Grünfeld: Main Line with 7...Nb6} 11. Ng5 (11. h3 a4 12. Rb1 a3 13. bxa3 e5 14. dxe5 Nxe5 15. Qxd8 Nxf3+ 16. Bxf3 Rxd8 17. Nb5 Be5 18. Nd4 Bxh3 19. Bxb7 Bxd4 20. exd4 {1-0 (38) Ivanchuk,V (2726)-Muzychuk,M (2540) Caleta 2018}) 11... e5 12. d5 Nb4 {The position is equal.} 13. e4 {[#]} c6 $146 ({Predecessor:} 13... h6 14. Nf3 c6 15. a3 Na6 16. Be3 Nc4 17. Qe2 Nxe3 18. Qxe3 {1-0 (45) Manea,A (2381)-Gao,R (2533) Rochefort 2015}) 14. a3 Na6 $1 15. dxc6 Qxd1 16. Rxd1 bxc6 17. Bf1 {And now Be3 would win.} h6 18. Be3 $36 {[%mdl 2048] White has strong initiative.} Rb8 19. Nf3 Bf8 20. Nxe5 {[%mdl 64] Deflection} Rxe5 21. Rd8 $1 Nc7 (21... Nc5 $14) 22. Bxb6 $1 $16 Ne6 23. Ba7 Ra8 24. Re8 Rxa7 25. Rxc8 Rb7 (25... g5 $16 26. Rd1 (26. Rxc6 Rb7 $16) 26... Rc7) 26. f4 $18 (26. Rxc6 Rxb2 27. Nd1 Rd2 $11) 26... Rc5 27. Rd1 Kg7 28. Na4 Rc2 29. Bd3 (29. Kh1 $18) 29... Rcxb2 (29... Bc5+ $16 {was worth a try.} 30. Kh1 Rf2) 30. Nxb2 Rxb2 31. Bc4 ({Inferior is} 31. Rxc6 Nd4 $11) (31. e5 $18 {has better winning chances.}) 31... Nd4 $16 32. Rxd4 Bc5 33. Kf1 ({Don't play} 33. Rcd8 Rd2 $11) 33... Bxd4 $14 {[%mdl 4096] Endgame KRB-KRB} 34. Rc7 Rc2 (34... Rxh2 $14 35. Rxf7+ Kh8) 35. Bxf7 $16 Rf2+ (35... Bb6 $16 36. Rb7 Rf2+ 37. Ke1 Bc5) 36. Ke1 $18 Rxh2 37. Bc4+ Kf8 38. Rxc6 Rc2 39. e5 Rc3 40. Rf6+ (40. e6 $142 Bf6 41. Rc8+ Ke7 42. Rc7+ Kd6 43. Rd7+ Kc5 44. Bd3) 40... Ke7 $16 {[#]} 41. Rf7+ $1 Ke8 42. Rc7 {Threatens to win with e6.} Kd8 43. Rc6 Ke7 44. e6 (44. Ke2 $16) 44... Rxg3 $11 45. Kd1 {Black must now prevent Rc7+.} Bf6 ({Avoid the trap} 45... Rxa3 $2 46. Rc7+ Kd6 47. Rd7+ Kc5 48. e7 $18) 46. Ke2 Bd4 {[#]} (46... g5 $11 {keeps the balance.}) 47. Rc7+ ({White should try} 47. a4 $1 $16) 47... Kd6 48. Rd7+ Kc5 49. Bd5 {aiming for Bf3.} Rxa3 50. e7 Re3+ 51. Kd2 {[#] Strongly threatening Bf7.} Rxe7 $1 {[%mdl 512]} 52. Rxe7 Kxd5 {KR-KB} 53. Kd3 {Rd7+ is the strong threat.} Bf6 (53... Bc5 {feels hotter.} 54. Re5+ Kd6 55. Kc4 Bb4 56. Re8 Kd7) 54. Ra7 Ke6 55. Rxa5 h5 56. Ke4 Kf7 57. Ra7+ Ke6 58. Ra6+ Kf7 59. Kd5 Bc3 60. Rc6 Bb2 61. Ke4 Bf6 62. Rc7+ Ke6 63. Rb7 Bc3 64. Rb6+ Kf7 65. f5 gxf5+ 66. Kxf5 Ke7 67. Rh6 Bd2 68. Rxh5 Kd6 69. Ke4 {Rd5+ would kill now.} Kc6 70. Kd4 Bf4 71. Rf5 Bh2 72. Rf6+ Kb7 73. Kc5 {White has an edge.} Bg1+ 74. Kb5 Kc7 75. Rh6 Be3 76. Rc6+ Kd7 {Accuracy: White = 57%, Black = 51%.} 1/2-1/2

[Event "FRA-chT Top 12 2019"]
[Site "Brest"]
[Date "2019.05.26"]
[Round "9.3"]
[White "Velten, Paul"]
[Black "Efimov, Igor"]
[Result "1-0"]
[WhiteElo "2507"]
[BlackElo "2439"]
[Annotator "ChessBase"]
[PlyCount "63"]
[EventDate "2019.05.18"]
[EventType "team-tourn"]
[EventCountry "FRA"]
[SourceTitle "playchess.com"]
[Source "ChessBase"]
[SourceQuality "1"]
[TimeControl "40/5400+30:1800+30"]

1. d4 {[%emt 0:00:00]} d6 {[%emt 0:00:00]} 2. Nf3 {[%emt 0:00:46]} g6 {[%emt 0:02:45]} 3. e4 {[%emt 0:07:44]} Bg7 {[%emt 0:00:20]} 4. Be2 {[%emt 0:05:46]} Nd7 {[%emt 0:05:39]} 5. O-O {[%emt 0:15:41]} e5 {[%emt 0:00:58]} 6. d5 {[%emt 0:07:40]} Ngf6 {[%emt 0:04:35]} 7. Nfd2 {[%emt 0:01:29]} O-O {[%emt 0:09:41]} 8. c4 {[%emt 0:00:40]} Ne8 {[%emt 0:00:42]} 9. Nc3 {[%emt 0:00:42]} f5 {[%emt 0:00:12]} 10. exf5 {[%emt 0:00:43]} gxf5 {[%emt 0:00:08]} 11. Rb1 {[%emt 0:00:43]} Kh8 {[%emt 0:15:02]} 12. b4 {[%emt 0:02:10]} Rg8 {[%emt 0:04:01]} 13. Rb3 {[%emt 0:03:00]} a5 {[%emt 0:04:14]} 14. a3 {[%emt 0:00:38]} e4 {[%emt 0:01:14]} 15. Ncxe4 {[%emt 0:10:10]} fxe4 {[%emt 0:01:36]} 16. Nxe4 {[%emt 0:00:06]} Ne5 {[%emt 0:09:27]} 17. Rg3 {[%emt 0:07:04]} Bf5 {[%emt 0:02:44]} 18. Ng5 {[%emt 0:00:33]} Qe7 {[%emt 0:01:46]} 19. f4 {[%emt 0:00:57]} Nf7 {[%emt 0:03:00]} 20. Re3 {[%emt 0:14:51]} Qf6 {[%emt 0:00:40]} 21. Bb2 {[%emt 0:01:23]} Ne5 {[%emt 0:00:12]} 22. Rg3 {[%emt 0:00:54]} Qe7 {[%emt 0:08:50]} 23. fxe5 {[%emt 0:00:14]} Bg6 {[%emt 0:00:02]} 24. Bd3 {[%emt 0:02:31]} Bxe5 {[%emt 0:02:30]} 25. Bxe5+ {[%emt 0:00:42]} dxe5 {[%emt 0:00:17]} 26. Bxg6 {[%emt 0:00:26]} Rxg6 {[%emt 0:00:24]} 27. Rf7 {[%emt 0:00:16]} Qxg5 {[%emt 0:02:45]} 28. Rxg5 {[%emt 0:00:07]} Rxg5 {[%emt 0:00:03]} 29. h4 {[%emt 0:00:15]} Rg6 {[%emt 0:01:45]} 30. Qh5 {[%emt 0:01:10]} Nf6 {[%emt 0:00:47]} 31. Qxe5 {[%emt 0:00:29]} Re8 {[%emt 0:00:34]} 32. Qb2 {[%emt 0:01:26]} 1-0